000 02963nam0a2200421 4500
001 RU\NLR\BIBL_A\022186616
005 20240702170655.0
010 _a978-5-907725-51-5
_9500
021 _aRU
_bКН-П-24-011495
_9КН-П-24-1193
035 _a(NLR Aleph) 022186616
090 _a12999524
_c12999524
100 _a20240403d2023 k y0rusy50 ca
101 0 _arus
_deng
102 _aRU
105 _ay z 000yy
181 0 _ai
_baxxe
182 0 _an
200 1 _aОсобенности развития современной русскоязычной литературы на примерах творчества А. Черчесова и Б. Чипчикова
_dFeatures of the development of modern russian-language literature on the example of the works of A. Cherchesov and B. Chipchikov
_fМ. А. Хакуашева
_gИнститут гуманитарных исследований - филиал Федерального государственного бюджетного научного учреждения "Федеральный научный центр "Кабардино-Балкарский научный центр Российской академии наук"
_zeng
203 _aТекст
_bвизуальный
_cнепосредственный
210 _aНальчик
_cИнститут гуманитарных исследований - филиал Федерального государственного бюджетного научного учреждения "Федеральный научный центр "Кабардино-Балкарский научный центр Российской академии наук"
_d2023
215 _a202, [1] с.
_d22
300 _aАвт. также на англ. яз.: M. A. Khakuasheva
300 _aРез. англ.
320 _aБиблиогр.: с. 199-202 и в примеч. в конце гл.
510 1 _6z11790
_aFeatures of the development of modern russian-language literature on the example of the works of A. Cherchesov and B. Chipchikov
_zeng
600 1 _aЧерчесов
_bА.Г.
_gАлан Георгиевич
_f1962
_2nlr_sh2
_3RU\NLR\AUTH\6601741883
600 1 _aЧипчиков
_bБ.М.
_gБорис Магомедович
_f1948 - 2014
_2nlr_sh2
_3RU\NLR\AUTH\6601741882
686 1 _aШ5(2=Осет)7-4Чипчиков
686 1 _aШ5(2=Осет)7-4Черчесов
700 1 _aХакуашева
_bМ. А.
_f1959-
_gМадина Андреевна
_3RU\NLR\auth\7783916
702 1 _aЧерчесов
_bА. Г.
_f1962-
_gАлан Георгиевич
_3RU\NLR\AUTH\779607
_4280
702 1 _aЧипчиков
_bБ. М.
_f1948-2014
_gБорис Магомедович
_3RU\NLR\AUTH\770269585
_4280
790 1 _6z11510
_aChakušaeva
_bM. A.
_gMadina Andreevna
942 _cBOOK
980 _aNB